Welcome to WEB OPAC of MRSPTU Central Library

Organic Chemistry (Record no. 7508)

MARC details
000 -LEADER
fixed length control field 00503nam a2200217Ia 4500
003 - CONTROL NUMBER IDENTIFIER
control field OSt
005 - DATE AND TIME OF LATEST TRANSACTION
control field 20230918154801.0
008 - FIXED-LENGTH DATA ELEMENTS--GENERAL INFORMATION
fixed length control field 230711s9999||||xx |||||||||||||| ||und||
020 ## - INTERNATIONAL STANDARD BOOK NUMBER
International Standard Book Number 978-81-317-0481-3
040 ## - CATALOGING SOURCE
Transcribing agency MRSPTU
041 ## - LANGUAGE CODE
Language code of text/sound track or separate title ENG
082 ## - DEWEY DECIMAL CLASSIFICATION NUMBER
Classification number 547
Item number MO-O
100 ## - MAIN ENTRY--PERSONAL NAME
Personal name Morrison, Robert Thornton
245 #0 - TITLE STATEMENT
Title Organic Chemistry
250 ## - EDITION STATEMENT
Edition statement 7th Ed.
260 ## - PUBLICATION, DISTRIBUTION, ETC.
Date of publication, distribution, etc. 2022
Place of publication, distribution, etc. New Delhi
Name of publisher, distributor, etc. Pearson
300 ## - PHYSICAL DESCRIPTION
Extent 1472p.
650 ## - SUBJECT ADDED ENTRY--TOPICAL TERM
Topical term or geographic name entry element Pharmacy
700 ## - ADDED ENTRY--PERSONAL NAME
Personal name Boyd,Robert Neilson
942 ## - ADDED ENTRY ELEMENTS (KOHA)
Koha item type Book
Source of classification or shelving scheme Dewey Decimal Classification
Holdings
Withdrawn status Lost status Damaged status Not for loan Collection Home library Current library Date acquired Source of acquisition Cost, normal purchase price Inventory number Total checkouts Full call number Barcode Date last seen Price effective from Koha item type Date last checked out Date due
          MRSPTU Central Library MRSPTU Central Library   Technical Bureau India PVT.LTD 1025.00 TB47644713   547 MO-O P1946 08/17/2023 08/17/2023 Book    
          MRSPTU Central Library MRSPTU Central Library   Technical Bureau India PVT.LTD 1025.00 TB47644713 1 547 MO-O P1947 09/06/2024 08/17/2023 Book 08/08/2024  
          MRSPTU Central Library MRSPTU Central Library   Technical Bureau India PVT.LTD 1025.00 TB47644713   547 MO-O P1948 08/17/2023 08/17/2023 Book    
          MRSPTU Central Library MRSPTU Central Library   Technical Bureau India PVT.LTD 1025.00 TB47644713 1 547 MO-O P1949 12/22/2023 08/17/2023 Book 12/11/2023  
          MRSPTU Central Library MRSPTU Central Library   Technical Bureau India PVT.LTD 1025.00 TB47644713 5 547 MO-O P1950 10/14/2025 08/17/2023 Book 10/01/2025  
          MRSPTU Central Library MRSPTU Central Library   Technical Bureau India PVT.LTD 1025.00 TB47644713   547 MO-O P1951 08/17/2023 08/17/2023 Book    
          MRSPTU Central Library MRSPTU Central Library   Technical Bureau India PVT.LTD 1025.00 TB47644713 1 547 MO-O P1952 02/20/2024 08/17/2023 Book 02/01/2024  
          MRSPTU Central Library MRSPTU Central Library   Technical Bureau India PVT.LTD 1025.00 TB47644713 1 547 MO-O P1953 02/02/2024 08/17/2023 Book 01/09/2024  
          MRSPTU Central Library MRSPTU Central Library   Technical Bureau India PVT.LTD 1025.00 TB47644713 1 547 MO-O P1954 04/17/2026 08/17/2023 Book 04/17/2026 05/08/2026
          MRSPTU Central Library MRSPTU Central Library   Technical Bureau India PVT.LTD 1025.00 TB47644713 2 547 MO-O P1955 01/30/2026 08/17/2023 Book 01/21/2026  

Website Designed and Developed by MRSPTU Central Library Team

E-mail Id: librarian@mrsptu.ac.in